000 01467cam a2200337 4500
008 #DATE n2003 000 0 eng u
020 _a0860175847
035 _a(Sirsi) u122137
041 _aeng
050 _a614.7
_c18
100 _aBudd, Martin
245 _aCoastal and marine environmental site guide
260 _aLondon
_bCIRIA
_c2003
300 _a164p.
_bill.
_c22cm.
350 _a20
490 _aCiria Publication
_vC584
520 _aThis guide offers practical information on appreciating, avoiding and mitigating the effects of poor environmental practice on coastal and marine construction projects. Chapter one introduces the benefits of good environmental practice. Chapter two details good (and bad) site management. Chapter three describes those environmental features that require particular consideration when operating within the marine and coastal environment. Finally, chapter four examines the 17 most common construction processes utilised in the coastal and marine environment.
650 _aCONSTRUCTION SITES
650 _aENVIRONMENTAL MANAGEMENT
650 _aMARINE ENVIRONMENT
650 _aContamination
_96231
650 _aPOLLUTION
650 _aSITE MANAGEMENT
650 _aWASTE CONTROL
690 _aBUILT ENVIRONMENT
700 _aJohn, Sian
700 _aSimm, Jonathan
700 _aWilkinson, Mark
710 _aConstruction Industry Research and Information Association
_94810
942 _n0
999 _c102783
_d102783